000 00917nam a22002057a 4500
999 _c19200
_d19200
008 240219b ||||| |||| 00| 0 eng d
082 _aDPer 621.317 Ie21 May 2022 v.37 n. 5
100 _aSheng, Jing.
_eauthor.
_952658
245 _aControl optimization of modular multilevel resonant DC converters for wide-input-range MVdc to LVdc applications /
_cJing Sheng, Cong Chen, Rui Lu, Chushan Li, Xin Xiang, Wuhua Li, and Xiangning He
260 _aNew York;
_bThe Institute of Electrical and Electronics Engineers, Inc.,
_cMay 2022.
300 _avolume 37,
_bpages 5284-5298,
_cillustration.
700 _aSheng, Jing.
_eauthor.
_952658
700 _aChen, Cong.
_eauthor.
_952659
700 _aLu, Rui.
_eauthor.
_952661
700 _aLi, Chushan.
_eauthor.
_952663
700 _aXiang, Xin.
_eauthor.
_952664
700 _aLi, Wuhua.
_eauthor.
_952665
700 _aHe, Xiangning.
_eauthor.
_952666
942 _2ddc
_cPER